Statistics for World Geography Bee #1

Click here to take the quiz!

General Stats

  • This quiz has been taken 788 times
  • The average score is 13 of 15

Answer Stats

HintAnswer% Correct
This European country is known for its waffle and chocolate production and is home to the headquarters of the European Union.Belgium
98%
This city in Brazil is famous for its annual Carnival festival, stunning beaches, and iconic Christ the Redeemer statueRio de Janeiro
96%
This river is the second longest in North America and flows through the United States and several other states before emptying into the Gulf of MexicoMississippi River
95%
This river is the second longest in Europe and flows through multiple countries before emptying into the Black Sea.Danube River
94%
The only country in Central America where English is the official language.Belize
93%
"Home to over 500 species of fish, this African freshwater lake is the largest tropical lake in the world."Lake Victoria
93%
“This body of water is located between northeastern Africa and the Arabian Peninsula, and it is known for its vibrant coral reefs and marine life.Red Sea
91%
“This country in the Middle East was invaded by Saddam Hussein and is known for its oil reserves and desert landscapes.“Kuwait
90%
Located in North America, this lake is one of the largest freshwater lakes in the world by surface area and is shared by the United States and CanadaLake Superior
89%
This state is famous for its seafood, blue crabs, and the city of Baltimore.Maryland
87%
This city in Southeast Asia is known for its futuristic skyscrapers, high-tech advancements, and diverse street food sceneSingapore
85%
This lake is the deepest in the world and is located in Siberia, Russia.Lake Baikal
84%
This country is home to the Great Rift Valley and the Maasai Mara National ReserveKenya
80%
This U.S state is known for its stunning natural beauty, including glaciers, mountains, and vast prairies.Montana
80%
This country is located in Central Asia and is known for its ancient Silk Road cities, the Aral Sea disaster, and the Karakum DesertUzbekistan
80%

Score Distribution

Percentile by Number Answered

Percent of People with Each Score

Your Score History

You have not taken this quiz